Statistics for How Many Movies can you name in 5 Minutes?

Click here to take the quiz!

General Stats

  • This quiz has been taken 108 times
    (71 since last reset)
  • The average score is 16 of 434

Answer Stats

Release Year Movie % Correct
2015Cinderella
40%
2013Frozen
38%
2017Beauty and the Beast
37%
2012The Avengers
37%
2012The Amazing Spider-Man
33%
2002Spider-Man
33%
2019The Lion King
25%
1995Toy Story
25%
1990Captain America
25%
2019Aladdin
25%
1989Batman
23%
1989The Little Mermaid
23%
1995Batman Forever
23%
2008Iron Man
23%
1937Snow White and the Seven Dwarfs
23%
2011Captain America: The First Avenger
21%
2001Shrek
21%
2003Finding Nemo
21%
1998Mulan
19%
2010Tangled
19%
2011Thor
19%
1959Sleeping Beauty
19%
1978Superman
19%
2010Iron Man 2
15%
2018Avengers: Infinity War
15%
2012The Hunger Games
15%
2008The Dark Knight
15%
2003Hulk
13%
2018Black Panther
13%
2008The Incredible Hulk
13%
2013Iron Man 3
13%
2019Avengers: Endgame
13%
2000X-Men
12%
1995Pocahontas
12%
2012Brave
10%
2015Home
10%
2018Christopher Robin
10%
1976Rocky
10%
2010Despicable Me
10%
2006Rocky Balboa
10%
2002Harry Potter and the Chamber of Secrets
10%
2019Joker
10%
2016Suicide Squad
10%
2004Spider-Man 2
10%
2007Spider-Man 3
10%
2009Up
10%
2015Ant-Man
10%
2019Toy Story 4
10%
1985Back to the Future
8%
1940Fantasia
8%
2009Harry Potter and the Half-Blood Prince
8%
2012Wreck-It Ralph
8%
2001The Fast and the Furious
8%
2014Maleficent
8%
2016Doctor Strange
8%
2003The Lord of the Rings: The Return of the King
8%
1973Robin Hood
8%
1953Peter Pan
8%
2014Guardians of the Galaxy
8%
2017Spider-Man: Homecoming
8%
2019Captain Marvel
8%
2001The Lord of the Rings: The Fellowship of the Ring
8%
2016Captain America: Civil War
8%
2010Toy Story 3
8%
1999Toy Story 2
8%
2019Dumbo
8%
1990Home Alone
8%
2019Spider-Man: Far From Home
6%
1988Die Hard
6%
2007Ratatouille
6%
1993Jurassic Park
6%
2004Shrek 2
6%
1981Raiders of the Lost Ark
6%
1997Men in Black
6%
2013Thor: The Dark World
6%
2017Thor: Ragnarok
6%
1964Mary Poppins
6%
2010Alice in Wonderland
6%
2005Harry Potter and the Goblet of Fire
6%
2005Batman Begins
6%
1984The Terminator
6%
1996Mission: Impossible
6%
2015Avengers: Age of Ultron
6%
2016Moana
6%
2001Ocean's Eleven
6%
2014Captain America: The Winter Soldier
6%
2004The Incredibles
6%
2006Cars
6%
1940Pinocchio
6%
2016Zootopia
6%
1984Indiana Jones and the Temple of Doom
4%
2019Lady and the Tramp
4%
2017Justice League
4%
1989Indiana Jones and the Last Crusade
4%
2004Shark Tale
4%
2002Ice Age
4%
2015Furious 7
4%
2015Minions
4%
1979Rocky II
4%
2000How the Grinch Stole Christmas
4%
2001Monsters, Inc.
4%
2001Harry Potter and the Philosopher's Stone
4%
2007Harry Potter and the Order of the Phoenix
4%
1961One Hundred and One Dalmatians
4%
1996101 Dalmatians
4%
2016Sing
4%
1981The Fox and the Hound
4%
2011Winnie the Pooh
4%
2008WALL-E
4%
2007Transformers
4%
2018Aquaman
4%
1942Bambi
4%
1963The Sword in the Stone
4%
2016The Secret Life of Pets
4%
2009The Princess and the Frog
4%
2004Catwoman
4%
2013The Hunger Games: Catching Fire
4%
2017Coco
4%
2018The Grinch
4%
2008Camp Rock
4%
1970The Aristocats
4%
2016Deadpool
4%
2018Deadpool 2
4%
1999Tarzan
4%
2017Logan
2%
1983Superman III
2%
2019Shazam
2%
1980Superman II
2%
2009Transformers: Revenge of the Fallen
2%
2007Meet the Robinsons
2%
2002Treasure Planet
2%
2018Venom
2%
2012Skyfall
2%
2002Lilo & Stitch
2%
2015Spectre
2%
2000Mission: Impossible 2
2%
2017Wonder Woman
2%
2003X2
2%
2020Black Widow
2%
2020Sonic the Hedgehog
2%
2020Onward
2%
2015Jurassic World
2%
2006Superman Returns
2%
2012The Dark Knight Rises
2%
2019The Secret Life of Pets 2
2%
2016The Jungle Book
2%
2018Ralph Breaks the Internet
2%
2015The Good Dinosaur
2%
2017The Boss Baby
2%
1985The Black Cauldron
2%
2014The Hunger Games: Mockingjay Part 1
2%
2015The Hunger Games: Mockingjay Part 2
2%
2006Over the Hedge
2%
2007Ocean's Thirteen
2%
2000The Emperor's New Groove
2%
2007Shrek the Third
2%
2014The Lego Movie
2%
1977The Many Adventures of Winnie the Pooh
2%
2018Ocean's 8
2%
1982Rocky III
2%
1994The Santa Clause
2%
2009Monsters vs. Aliens
2%
2013Monsters University
2%
1985Rocky IV
2%
2004Ocean's Twelve
2%
2006Casino Royale
2%
2008Bolt
2%
2001Atlantis: The Lost Empire
2%
1986Aliens
2%
2010Harry Potter and the Deathly Hallows Part 1
2%
2016Finding Dory
2%
2016Fantastic Beasts and Where to Find Them
2%
2007High School Musical 2
2%
2019Frozen II
2%
2015Creed
2%
1979Alien
2%
2006High School Musical
2%
2003Brother Bear
2%
2011Fast Five
2%
1997Hercules
2%
1996James and the Giant Peach
2%
2013Epic
2%
1990Die Hard 2
2%
2015Inside Out
2%
1998Blade
2%
2004Harry Potter and the Prisoner of Azkaban
2%
2017Guardians of the Galaxy Vol. 2
2%
2002Die Another Day
2%
2012The Lorax
0%
1974The Man with the Golden Gun
0%
2011Cars 2
0%
2017Captain Underpants: The First Epic Movie
0%
2010Camp Rock 2
0%
2003The Jungle Book 2
0%
1997The Lost World: Jurassic Park
0%
2017The Lego Batman Movie
0%
2018Bumblebee
0%
2013The Lone Ranger
0%
2019The Lego Movie 2: The Second Part
0%
2017The Lego Ninjago Movie
0%
2002The Lord of the Rings: The Two Towers
0%
2002Blade II
0%
2004Blade: Trinity
0%
1987The Living Daylights
0%
2003The Lizzie McGuire Movie
0%
2016Jason Bourne
0%
1996The Hunchback of Notre Dame
0%
2017Cars 3
0%
2019Dark Phoenix
0%
2014The Amazing Spider-Man 2
0%
2016The Angry Birds Movie
0%
2019The Angry Birds Movie 2
0%
1971Diamonds Are Forever
0%
2017Despicable Me 3
0%
2013Despicable Me 2
0%
2002The Bourne Identity
0%
2012The Bourne Legacy
0%
2004The Bourne Supremacy
0%
2007The Bourne Ultimatum
0%
2013The Croods
0%
2014Dawn of the Planet of the Apes
0%
2003Daredevil
0%
2005Chicken Little
0%
1994The Fantastic Four
0%
2018Creed II
0%
2006The Fast and the Furious: Tokyo Drift
0%
2017The Fate of the Furious
0%
2005Constantine
0%
1986The Great Mouse Detective
0%
1972Conquest of the Planet of the Apes
0%
2003The Haunted Mansion
0%
2012The Hobbit: An Unexpected Journey
0%
2014The Hobbit: The Battle of the Five Armies
0%
2013The Hobbit: The Desolation of Smaug
0%
2000Chicken Run
0%
1999The Matrix
0%
1998The Prince of Egypt
0%
2003The Matrix Reloaded
0%
1997Air Bud
0%
2017Transformers: The Last Knight
0%
1950Treasure Island
0%
1992Alien 3
0%
2016Trolls
0%
1982Tron
0%
2010Tron: Legacy
0%
2013Turbo
0%
2016Alice Through the Looking Glass
0%
2014Alexander and the Terrible, Horrible, No Good, Very Bad Day
0%
2017War for the Planet of the Apes
0%
2009Watchmen
0%
1998Air Bud: Golden Receiver
0%
2019Abominable
0%
2011Transformers: Dark of the Moon
0%
2018A Wrinkle in Time
0%
2009X-Men Origins: Wolverine
0%
2016X-Men: Apocalypse
0%
2014X-Men: Days of Future Past
0%
2011X-Men: First Class
0%
2006X-Men: The Last Stand
0%
1985A View to a Kill
0%
1967You Only Live Twice
0%
1995A Goofy Movie
0%
2013A Good Day to Die Hard
0%
1998A Bug's Life
0%
20032 Fast 2 Furious
0%
2020Birds of Prey and the Fabulous Emancipation of One Harley Quinn
0%
1997Alien Resurrection
0%
2014Transformers: Age of Extinction
0%
2003The Matrix Revolutions
0%
1973Battle for the Planet of the Apes
0%
2011The Muppets
0%
2015The Peanuts Movie
0%
2009Terminator Salvation
0%
2014Big Hero 6
0%
2004The Punisher
0%
1977The Rescuers
0%
1990The Rescuers Down Under
0%
1989The Return of Swamp Thing
0%
2000The Road to El Dorado
0%
1970Beneath the Planet of the Apes
0%
2002The Santa Clause 2
0%
2006The Santa Clause 3: The Escape Clause
0%
2007Bee Movie
0%
1977The Spy Who Loved Me
0%
2017Alien: Covenant
0%
2016Batman v Superman: Dawn of Justice
0%
1992Batman Returns
0%
1945The Three Caballeros
0%
2000The Tigger Movie
0%
2013The Wolverine
0%
1999The World Is Not Enough
0%
1997Batman & Robin
0%
1990Back to the Future Part III
0%
1989Back to the Future Part II
0%
1965Thunderball
0%
1997Tomorrow Never Dies
0%
1998Antz
0%
2018Ant-Man and the Wasp
0%
2019Terminator: Dark Fate
0%
1982Swamp Thing
0%
2015Terminator Genisys
0%
1988Oliver & Company
0%
2011Hop
0%
2004Home on the Range
0%
2012Home Alone: The Holiday Heist
0%
1979Moonraker
0%
2014Mr. Peabody & Sherman
0%
2002Home Alone 4: Taking Back the House
0%
2014Muppets Most Wanted
0%
1997Home Alone 3
0%
1992Home Alone 2: Lost in New York
0%
2003Holes
0%
2000102 Dalmatians
0%
1983Octopussy
0%
1969On Her Majesty's Secret Service
0%
2015Mission: Impossible Rogue Nation
0%
2008High School Musical 3: Senior Year
0%
2013Oz the Great and Powerful
0%
2014Penguins of Madagascar
0%
1977Pete's Dragon
0%
2003Piglet's Big Movie
0%
2007Pirates of the Caribbean: At World's End
0%
2006Pirates of the Caribbean: Dead Man's Chest
0%
2017Pirates of the Caribbean: Dead Men Tell No Tales
0%
2011Pirates of the Caribbean: On Stranger Tides
0%
2003Pirates of the Caribbean: The Curse of the Black Pearl
0%
2013Planes
0%
2014Planes: Fire & Rescue
0%
2008Horton Hears a Who!
0%
2006Mission: Impossible III
0%
2012Prometheus
0%
2009Ice Age: Dawn of the Dinosaurs
0%
2018Jurassic World: Fallen Kingdom
0%
2008Kung Fu Panda
0%
2011Kung Fu Panda 2
0%
2016Kung Fu Panda 3
0%
2008Indiana Jones and the Kingdom of the Crystal Skull
0%
2018Incredibles 2
0%
2007Live Free or Die Hard
0%
1973Live and Let Die
0%
2006Ice Age: The Meltdown
0%
2005Madagascar
0%
2012Madagascar 3: Europe's Most Wanted
0%
2008Madagascar: Escape 2 Africa
0%
2013Man of Steel
0%
2011Mission: Impossible Ghost Protocol
0%
2012Ice Age: Continental Drift
0%
2018Mary Poppins Returns
0%
2016Ice Age: Collision Course
0%
2010Megamind
0%
1948Melody Time
0%
1986Howard the Duck
0%
2012Men in Black 3
0%
2002Men in Black II
0%
2019Men in Black: International
0%
2019How to Train Your Dragon: The Hidden World
0%
2014How to Train Your Dragon 2
0%
2010How to Train Your Dragon
0%
2018Mission: Impossible Fallout
0%
2001Planet of the Apes
0%
2008Punisher: War Zone
0%
2003Terminator 3: Rise of the Machines
0%
2017Star Wars: Episode VIII The Last Jedi
0%
2018Fantastic Beasts: The Crimes of Grindelwald
0%
2019Spies in Disguise
0%
1954Stamp Day for Superman
0%
1977Star Wars Episode IV A New Hope
0%
1978Star Wars Holiday Special
0%
1999Star Wars: Episode I The Phantom Menace
0%
2002Star Wars: Episode II Attack of the Clones
0%
2005Star Wars: Episode III Revenge of the Sith
0%
2019Star Wars: Episode IX The Rise of Skywalker
0%
1980Star Wars: Episode V The Empire Strikes Back
0%
1983Star Wars: Episode VI Return of the Jedi
0%
2015Star Wars: Episode VII The Force Awakens
0%
2008Star Wars: The Clone Wars
0%
2007Fantastic Four: Rise of the Silver Surfer
0%
2000Fantasia 2000
0%
1984Supergirl
0%
1971Escape from the Planet of the Apes
0%
2005Elektra
0%
1987Superman IV: The Quest for Peace
0%
1962Dr. No
0%
1951Superman and the Mole Men
0%
2001Jurassic Park III
0%
2019Tall Girl
0%
2000Dinosaur
0%
1995Die Hard with a Vengeance
0%
1991Terminator 2: Judgment Day
0%
2015Fantastic Four
0%
2009Fast & Furious
0%
2011Puss in Boots
0%
2007Ghost Rider
0%
2008Quantum of Solace
0%
2011Harry Potter and the Deathly Hallows Part 2
0%
2009Hannah Montana: The Movie
0%
2011Rio
0%
2014Rio 2
0%
2012Rise of the Guardians
0%
2011Rise of the Planet of the Apes
0%
2005Robots
0%
2011Green Lantern
0%
1964Goldfinger
0%
1995GoldenEye
0%
2011Ghost Rider: Spirit of Vengeance
0%
1990Rocky V
0%
2013Fast & Furious 6
0%
2016Rogue One: A Star Wars Story
0%
2013Saving Mr. Banks
0%
2009G-Force
0%
2011Sharpay's Fabulous Adventure
0%
1963From Russia with Love
0%
1981For Your Eyes Only
0%
2010Shrek Forever After
0%
2006Flushed Away
0%
2005Sky High
0%
2017Ferdinand
0%
2019Fast & Furious Presents: Hobbs & Shaw
0%
2018Solo: A Star Wars Story
0%
1946Song of the South
0%
2020Dolittle
0%

Score Distribution

Percentile by Number Answered

Percent of People with Each Score

Your Score History

You have not taken this quiz since the last reset